Sports Draft Busts - Statistics

General Stats
  • This quiz has been taken 288 times
  • The average score is 4 of 15
Answer Stats
Hint Player % Correct
Drafted No.2 before Chris Bosh, Carmelo, and D-Wade Darko Milicic
73%
First No.1 pick out of high school to the NBA. Kwame Brown
57%
Selected ahead of Michael Jordan, career plagued by injuries. Sam Bowie
57%
No.1 overall pick from Italy, said to be the next Dirk Nowitzik Andrea Bargnani
41%
Played 3 seasons with the Raiders until being benched and future drug charges. JaMarcus Russell
41%
NCAA's basketball Co-Player of the Year along with J.J. Redick at Gonzaga. Adam Morrison
34%
7'3" shot blocker from UConn drafted No.2 overall. Hasheem Thabeet.
32%
Defensive big man selected No.1 overall out of Ohio State. Greg Oden
27%
College Player of the year at Maryland and was one of the NBA's most traded players. Joe Smith
27%
No.1 overall pick from the University of the Pacific. Michael Olowokandi
18%
NFL's No.1 pick in 1999 played just 5 seasons. Tim Couch
15%
Drafted by the Pirates before Prince Fielder, Cole Hammels, and Zack Greinke. Bryan Bullington
2%
Made his MLB debut at 22, left at 27 after 57 games. Al Chambers
0%
Drafted by the Bruins in 2000, played only 8 NHL games in Philadelphia. Lars Jonsson
0%
Played only 3 seasons after being drafted No.5 by the Colts. Trev Alberts
0%
No matching quizzes found
Score Distribution
Percent of People with Each Score
Percentile by Number Answered
Your Score History
You have not taken this quiz